Οι καταλήξεις της οριστικής των μονολεκτικών ρηματικών τύπων της μεσοπαθητικής φωνής
Αποθηκεύτηκε σε:
| Κύριος συγγραφέας: | |
|---|---|
| Μορφή: | Βιβλίο |
| Γλώσσα: | Greek |
| Δημοσίευση: |
[Ιωάννινα] :
[Φιλοσοφική Σχολή Πανεπιστημίου Ιωαννίνων],
[1987;]
|
| Θέματα: | |
| Ετικέτες: |
Προσθήκη ετικέτας
Δεν υπάρχουν, Καταχωρήστε ετικέτα πρώτοι!
|
MARC
| LEADER | 00000cam a2200000 i 4500 | ||
|---|---|---|---|
| 001 | 1/89593 | ||
| 008 | 080624s19879999 gre d | ||
| 035 | |l 10098410 | ||
| 040 | |a GR-MY-UA |b gre |e aacr | ||
| 041 | 0 | |a gre | |
| 082 | 0 | |a 415 |2 (22) | |
| 100 | 1 | |a Μηνάς, Κωνσταντίνος, |d 1937- | |
| 245 | 1 | 3 | |a Οι καταλήξεις της οριστικής των μονολεκτικών ρηματικών τύπων της μεσοπαθητικής φωνής |h [ανάτυπο] / |c Κωνσταντίνος Μηνάς |
| 260 | |a [Ιωάννινα] : |b [Φιλοσοφική Σχολή Πανεπιστημίου Ιωαννίνων], |c [1987;] | ||
| 300 | |a π. 40 σ.; |c 24 εκ. | ||
| 500 | |a "Ανάτυπο από τη <<Δωδώνη: φιλολογία>> τόμος ιστ' (1987), Επιστημονική Επετηρίδα της Φιλοσοφικής Σχολής του Πανεπιστημίου Ιωαννίνων" | ||
| 500 | |a Οι σελίδες αριθμούνται επίσης [21]-60 | ||
| 500 | |a Πηγή των βιβλιογραφικών πληροφοριών αποτελεί το εξώφυλλο του έργου | ||
| 504 | |a Βιβλιογραφία: σ. [59]-60 | ||
| 650 | 0 | 0 | |a Greek language |x Grammar. |
| 650 | 0 | 0 | |a Grammar, Comparative and general |x Verb. |
| 852 | |a INST |b RHODES |c AKA |e 20080624 |h 415 ΜΗΝ |p 005400028025 |q 005400028025 |t BK |y 0 | ||
| 901 | |a BIBL4-2008-2 | ||
| 909 | |a Ρ |b 150666 | ||
| 970 | |a Χαριοπολίτου |b Κωνσταντίνα |z 2008/06/24 | ||